000 00462nam a2200145Ia 4500
008 090122s9999 xx 000 0 und d
082 _b5648
_a910.09
100 _aमडईकर
_bनंदा
_cप्रे
245 _aसफारी पश्चिमेची
600 _aमडईकर
630 _aसफारी पश्चिमेची
700 _aमडईकर
730 _aसफारी पश्चिमेची
942 _cBOOK
999 _c29726
_d29726